{"text_format":"3","workbook":"xlsx","n_sheets":1,"sheets":["t467"],"read":"whole","date_system":"1900"}

{"sheet":"t467","index":0,"n_rows":159,"n_cols":7,"rows_kept":159,"merged":[[0,0,0,6],[30,0,30,5],[51,0,51,5],[145,0,145,5]]}
["TABELA 467.1 - Estatísticas Agrícolas, Município de Rafard, Estado de São Paulo, 2007/08."]
["ITEM","UNIDADE","N.DE UPAs","MÍNIMO","MÉDIO","MÁXIMO","TOTAL"]
["Distância à sede do município","km",191,{"v":2,"d":"2.0"},{"v":12.02,"d":"12.0"},{"v":23,"d":"23.0"},"-"]
["Área total","hectare",191,0.5,{"v":61.42,"d":"61.4"},{"v":1725.7,"d":"1,725.7"},{"v":11732,"d":"11,732.0"}]
["Área com cultura perene","hectare",9,0.2,{"v":1.34,"d":"1.3"},2.4,12.1]
["Área com cultura temporária","hectare",156,0.2,{"v":53.24,"d":"53.2"},{"v":1352.7,"d":"1,352.7"},{"v":8304.8,"d":"8,304.8"}]
["Área com pastagem","hectare",95,0.3,{"v":9.37,"d":"9.4"},{"v":72,"d":"72.0"},890.6]
["Área com reflorestamento","hectare",22,0.3,11.4,66.5,250.7]
["Área com vegetação natural","hectare",132,0.1,{"v":6.17,"d":"6.2"},108.5,814.1]
["Área com vegetação de brejo e várzea","hectare","-","-","-","-",{"v":0,"d":"0.0"}]
["Área em descanso","hectare",6,2.9,{"v":141.32,"d":"141.3"},258.9,847.9]
["Área complementar","hectare",89,0.1,{"v":6.87,"d":"6.9"},166.4,611.8]
["Área das UPAs com (0, 1] ha","hectare",2,0.5,0.5,0.5,{"v":1,"d":"1.0"}]
["Área das UPAs com (1, 2] ha","hectare",2,{"v":2,"d":"2.0"},{"v":2,"d":"2.0"},{"v":2,"d":"2.0"},{"v":4,"d":"4.0"}]
["Área das UPAs com (2, 5] ha","hectare",28,2.2,{"v":3.19,"d":"3.2"},4.9,89.4]
["Área das UPAs com (5, 10] ha","hectare",17,5.5,{"v":8.54,"d":"8.5"},9.7,145.2]
["Área das UPAs com (10, 20] ha","hectare",53,10.1,{"v":14.86,"d":"14.9"},19.9,787.8]
["Área das UPAs com (20, 50] ha","hectare",57,20.4,{"v":30.12,"d":"30.1"},48.4,{"v":1716.7,"d":"1,716.7"}]
["Área das UPAs com (50, 100] ha","hectare",21,50.7,{"v":69.08,"d":"69.1"},{"v":92,"d":"92.0"},{"v":1450.7,"d":"1,450.7"}]
["Área das UPAs com (100, 200] ha","hectare",3,100.4,{"v":134.23,"d":"134.2"},173.1,402.7]
["Área das UPAs com (200, 500] ha","hectare",3,206.6,{"v":334.33,"d":"334.3"},463.7,{"v":1003,"d":"1,003.0"}]
["Área das UPAs com (500, 1.000] ha","hectare",2,{"v":635,"d":"635.0"},{"v":656.55,"d":"656.6"},678.1,{"v":1313.1,"d":"1,313.1"}]
["Área das UPAs com (1.000, 2.000] ha","hectare",3,{"v":1428.7,"d":"1,428.7"},{"v":1606.13,"d":"1,606.1"},{"v":1725.7,"d":"1,725.7"},{"v":4818.4,"d":"4,818.4"}]
["Área das UPAs com (2.000, 5.000] ha","hectare","-","-","-","-","-"]
["Área das UPAs com (5.000, 10.000] ha","hectare","-","-","-","-","-"]
["Área das UPAs acima de 10.000 ha","hectare","-","-","-","-","-"]
["Familiares do proprietário que trabalham na UPA","unidade",109,{"v":1,"d":"1.0"},{"v":2.04,"d":"2.0"},{"v":8,"d":"8.0"},{"v":222,"d":"222.0"}]
["Trabalhadores permanentes","unidade",55,{"v":1,"d":"1.0"},{"v":8.95,"d":"9.0"},{"v":111,"d":"111.0"},{"v":492,"d":"492.0"}]
["Fonte: Secretaria de Agricultura e Abastecimento, CDRS/IEA, Projeto LUPA."]
[]
["TABELA 467.2 - Explorações Animais, Município de Rafard, Estado de São Paulo, 2007/08."]
["ITEM","UNIDADE","N.DE UPAs","MÍNIMO","MÉDIO","MÁXIMO","TOTAL"]
["Asininos E Muares","cabeças",11,{"v":1,"d":"1.0"},{"v":1.27,"d":"1.3"},{"v":2,"d":"2.0"},{"v":14,"d":"14.0"}]
["Avestruzes e Ema (Criadouro)","cabeças",1,{"v":9,"d":"9.0"},{"v":9,"d":"9.0"},{"v":9,"d":"9.0"},{"v":9,"d":"9.0"}]
["Avicultura de Corte","cabeças/ano",14,{"v":100,"d":"100.0"},{"v":53792.86,"d":"53,792.9"},{"v":275000,"d":"275,000.0"},{"v":753100,"d":"753,100.0"}]
["Avicultura Ornamental/Decorativa/Exótica","cabeças",3,{"v":8,"d":"8.0"},{"v":12.67,"d":"12.7"},{"v":20,"d":"20.0"},{"v":38,"d":"38.0"}]
["Avicultura para Ovos","cabeças",15,{"v":10,"d":"10.0"},{"v":617.33,"d":"617.3"},{"v":8000,"d":"8,000.0"},{"v":9260,"d":"9,260.0"}]
["Bovinocultura de Corte","cabeças",11,{"v":4,"d":"4.0"},{"v":34.36,"d":"34.4"},{"v":150,"d":"150.0"},{"v":378,"d":"378.0"}]
["Bovinocultura Leiteira","cabeças",3,{"v":2,"d":"2.0"},{"v":35.67,"d":"35.7"},{"v":70,"d":"70.0"},{"v":107,"d":"107.0"}]
["Bovinocultura Mista","cabeças",69,{"v":3,"d":"3.0"},{"v":28.96,"d":"29.0"},{"v":220,"d":"220.0"},{"v":1998,"d":"1,998.0"}]
["Caprinocultura","cabeças",1,{"v":7,"d":"7.0"},{"v":7,"d":"7.0"},{"v":7,"d":"7.0"},{"v":7,"d":"7.0"}]
["Codornicultura","cabeças",1,{"v":500,"d":"500.0"},{"v":500,"d":"500.0"},{"v":500,"d":"500.0"},{"v":500,"d":"500.0"}]
["Cunicultura","cabeças",2,{"v":10,"d":"10.0"},12.5,{"v":15,"d":"15.0"},{"v":25,"d":"25.0"}]
["Equinocultura","cabeças",30,{"v":1,"d":"1.0"},2.6,{"v":25,"d":"25.0"},{"v":78,"d":"78.0"}]
["Helicicultura","viveiros",1,{"v":3,"d":"3.0"},{"v":3,"d":"3.0"},{"v":3,"d":"3.0"},{"v":3,"d":"3.0"}]
["Minhocultura","canteiros",1,{"v":4,"d":"4.0"},{"v":4,"d":"4.0"},{"v":4,"d":"4.0"},{"v":4,"d":"4.0"}]
["Ovinocultura","cabeças",12,{"v":5,"d":"5.0"},{"v":27.83,"d":"27.8"},{"v":90,"d":"90.0"},{"v":334,"d":"334.0"}]
["Piscicultura","m² tanques",9,{"v":2500,"d":"2,500.0"},{"v":13166.67,"d":"13,166.7"},{"v":45000,"d":"45,000.0"},{"v":118500,"d":"118,500.0"}]
["Suinocultura","cabeças",10,{"v":3,"d":"3.0"},{"v":274,"d":"274.0"},{"v":1540,"d":"1,540.0"},{"v":2740,"d":"2,740.0"}]
["Fonte: Secretaria de Agricultura e Abastecimento, CDRS/IEA, Projeto LUPA."]
[]
["TABELA 467.3 -  Máquinas, Implementos e Benfeitorias, Município de Rafard, Estado de São Paulo, 2007/08."]
["ITEM","UNIDADE","N.DE UPAs","MÍNIMO","MÉDIO","MÁXIMO","TOTAL"]
["Arado Comum (Bacia, Aiveca)","Unidade",21,{"v":1,"d":"1.0"},{"v":1.05,"d":"1.1"},{"v":2,"d":"2.0"},{"v":22,"d":"22.0"}]
["Arado Escarificador","Unidade",8,{"v":1,"d":"1.0"},{"v":2.88,"d":"2.9"},{"v":12,"d":"12.0"},{"v":23,"d":"23.0"}]
["Arado Subsolador","Unidade",19,{"v":1,"d":"1.0"},{"v":1.63,"d":"1.6"},{"v":8,"d":"8.0"},{"v":31,"d":"31.0"}]
["Batedeira de Cereais","Unidade",2,{"v":1,"d":"1.0"},{"v":1,"d":"1.0"},{"v":1,"d":"1.0"},{"v":2,"d":"2.0"}]
["Câmara Fria","Unidade",1,{"v":1,"d":"1.0"},{"v":1,"d":"1.0"},{"v":1,"d":"1.0"},{"v":1,"d":"1.0"}]
["Carregadeira de Cana","Unidade",12,{"v":1,"d":"1.0"},{"v":4.58,"d":"4.6"},{"v":31,"d":"31.0"},{"v":55,"d":"55.0"}]
["Conj.Irrigação Convencional","Unidade",7,{"v":1,"d":"1.0"},{"v":2,"d":"2.0"},{"v":7,"d":"7.0"},{"v":14,"d":"14.0"}]
["Desintegrador, Picador, Triturador","Unidade",42,{"v":1,"d":"1.0"},{"v":1.12,"d":"1.1"},{"v":2,"d":"2.0"},{"v":47,"d":"47.0"}]
["Distribuidor de Calcário","Unidade",9,{"v":1,"d":"1.0"},{"v":1.22,"d":"1.2"},{"v":2,"d":"2.0"},{"v":11,"d":"11.0"}]
["Ensiladeira","Unidade",3,{"v":1,"d":"1.0"},{"v":1,"d":"1.0"},{"v":1,"d":"1.0"},{"v":3,"d":"3.0"}]
["Grade Aradora (Tipo Romi)","Unidade",10,{"v":1,"d":"1.0"},1.2,{"v":2,"d":"2.0"},{"v":12,"d":"12.0"}]
["Grade Niveladora","Unidade",17,{"v":1,"d":"1.0"},{"v":1,"d":"1.0"},{"v":1,"d":"1.0"},{"v":17,"d":"17.0"}]
["Implementos para Tração Animal","Unidade",3,{"v":2,"d":"2.0"},{"v":4.33,"d":"4.3"},{"v":6,"d":"6.0"},{"v":13,"d":"13.0"}]
["Microtrator","Unidade",4,{"v":1,"d":"1.0"},{"v":1,"d":"1.0"},{"v":1,"d":"1.0"},{"v":4,"d":"4.0"}]
["Misturador de Ração","Unidade",3,{"v":1,"d":"1.0"},{"v":1,"d":"1.0"},{"v":1,"d":"1.0"},{"v":3,"d":"3.0"}]
["Pulverizador Tratorizado","Unidade",16,{"v":1,"d":"1.0"},{"v":2.25,"d":"2.3"},{"v":16,"d":"16.0"},{"v":36,"d":"36.0"}]
["Semeadeira/Adubadeira para Plantio Convencional","Unidade",11,{"v":1,"d":"1.0"},{"v":1.09,"d":"1.1"},{"v":2,"d":"2.0"},{"v":12,"d":"12.0"}]
["Terraceador","Unidade",1,{"v":9,"d":"9.0"},{"v":9,"d":"9.0"},{"v":9,"d":"9.0"},{"v":9,"d":"9.0"}]
["Trator de Esteiras","Unidade",3,{"v":1,"d":"1.0"},{"v":3.33,"d":"3.3"},{"v":8,"d":"8.0"},{"v":10,"d":"10.0"}]
["Trator de Pneus","Unidade",38,{"v":1,"d":"1.0"},{"v":3.42,"d":"3.4"},{"v":50,"d":"50.0"},{"v":130,"d":"130.0"}]
["Açude/Represa","Unidade",69,{"v":1,"d":"1.0"},{"v":1.94,"d":"1.9"},{"v":9,"d":"9.0"},{"v":134,"d":"134.0"}]
["Alambique","Unidade",1,{"v":1,"d":"1.0"},{"v":1,"d":"1.0"},{"v":1,"d":"1.0"},{"v":1,"d":"1.0"}]
["Almoxarifado/Oficina","Unidade",14,{"v":1,"d":"1.0"},{"v":1.21,"d":"1.2"},{"v":2,"d":"2.0"},{"v":17,"d":"17.0"}]
["Balança para Veículos","Unidade",1,{"v":2,"d":"2.0"},{"v":2,"d":"2.0"},{"v":2,"d":"2.0"},{"v":2,"d":"2.0"}]
["Barracão para Granja/Avicultura","Unidade",23,{"v":1,"d":"1.0"},{"v":1.83,"d":"1.8"},{"v":6,"d":"6.0"},{"v":42,"d":"42.0"}]
["Barracão/Galpão/Garagem","Unidade",43,{"v":1,"d":"1.0"},{"v":1.21,"d":"1.2"},{"v":3,"d":"3.0"},{"v":52,"d":"52.0"}]
["Casa de Moradia Habitada","Unidade",77,{"v":1,"d":"1.0"},3.1,{"v":41,"d":"41.0"},{"v":239,"d":"239.0"}]
["Casa de Moradia Total","Unidade",92,{"v":1,"d":"1.0"},{"v":3.45,"d":"3.5"},{"v":40,"d":"40.0"},{"v":317,"d":"317.0"}]
["Curral/Mangueira","Unidade",64,{"v":1,"d":"1.0"},{"v":1.11,"d":"1.1"},{"v":2,"d":"2.0"},{"v":71,"d":"71.0"}]
["Depósito/Tulha","Unidade",40,{"v":1,"d":"1.0"},{"v":1.23,"d":"1.2"},{"v":5,"d":"5.0"},{"v":49,"d":"49.0"}]
["Estábulo","Unidade",6,{"v":1,"d":"1.0"},{"v":1,"d":"1.0"},{"v":1,"d":"1.0"},{"v":6,"d":"6.0"}]
["Estufa/Plasticultura","m²",1,{"v":350,"d":"350.0"},{"v":350,"d":"350.0"},{"v":350,"d":"350.0"},{"v":350,"d":"350.0"}]
["Instalações para Equinos","Unidade",2,{"v":1,"d":"1.0"},{"v":2,"d":"2.0"},{"v":3,"d":"3.0"},{"v":4,"d":"4.0"}]
["Olaria","Unidade",1,{"v":1,"d":"1.0"},{"v":1,"d":"1.0"},{"v":1,"d":"1.0"},{"v":1,"d":"1.0"}]
["Pocilga","Unidade",13,{"v":1,"d":"1.0"},{"v":1.15,"d":"1.2"},{"v":2,"d":"2.0"},{"v":15,"d":"15.0"}]
["Poço Semi-Artesiano","Unidade",28,{"v":1,"d":"1.0"},{"v":1.07,"d":"1.1"},{"v":2,"d":"2.0"},{"v":30,"d":"30.0"}]
["Posto Meteorológico","Unidade",4,{"v":1,"d":"1.0"},{"v":1,"d":"1.0"},{"v":1,"d":"1.0"},{"v":4,"d":"4.0"}]
["Silo para Grãos","t",1,{"v":60,"d":"60.0"},{"v":60,"d":"60.0"},{"v":60,"d":"60.0"},{"v":60,"d":"60.0"}]
["Silo para Silagem","t",1,{"v":200,"d":"200.0"},{"v":200,"d":"200.0"},{"v":200,"d":"200.0"},{"v":200,"d":"200.0"}]
["Terreiro","m²",2,{"v":1,"d":"1.0"},250.5,{"v":500,"d":"500.0"},{"v":501,"d":"501.0"}]
["Usina de Açúcar/destilaria","Unidade",1,{"v":1,"d":"1.0"},{"v":1,"d":"1.0"},{"v":1,"d":"1.0"},{"v":1,"d":"1.0"}]
["Fonte: Secretaria de Agricultura e Abastecimento, CDRS/IEA, Projeto LUPA."]
[]
["TABELA 467.4 - Outras Estatísticas Agrícolas, Município de Rafard, Estado de São Paulo, 2007/08."]
["ITEM","Número de UPAs",null,"Percentual"]
["Faz Parte de Associação de Produtores",126,null,{"v":65.96858638743456,"d":"66.0"}]
["Faz Parte de Cooperativa de Produtores",127,null,{"v":66.49214659685865,"d":"66.5"}]
["Faz Parte do Sindicato de Produtores",50,null,{"v":26.178010471204185,"d":"26.2"}]
["Não utiliza assistência técnica ",41,null,{"v":21.465968586387433,"d":"21.5"}]
["Utiliza somente assistência técnica governamental ",19,null,{"v":9.947643979057592,"d":"9.9"}]
["Utiliza somente assistência técnica privada ",8,null,{"v":4.18848167539267,"d":"4.2"}]
["Utiliza assistência técnica tanto governamental quanto privada",123,null,{"v":64.3979057591623,"d":"64.4"}]
["Utiliza Crédito Rural",31,null,{"v":16.230366492146597,"d":"16.2"}]
["Utiliza Seguro Rural","-",null,"-"]
["Utiliza Escrituração Agrícola",28,null,{"v":14.659685863874346,"d":"14.7"}]
["Acessa Internet p/ Fins na Agropecuária",8,null,{"v":4.18848167539267,"d":"4.2"}]
["Utiliza Computador nas Atividades Agropecuárias",8,null,{"v":4.18848167539267,"d":"4.2"}]
["Utiliza Energia Elétrica Para Uso na Atividade Agrícola",92,null,{"v":48.16753926701571,"d":"48.2"}]
["Realiza Análise de Solo, quando necessário",111,null,{"v":58.1151832460733,"d":"58.1"}]
["Utiliza Práticas de Conservação de Solo, quando necessário",133,null,{"v":69.63350785340313,"d":"69.6"}]
["Faz Adubação Mineral, quando necessário",124,null,{"v":64.92146596858639,"d":"64.9"}]
["Faz Adubação Orgânica, quando necessário",40,null,{"v":20.94240837696335,"d":"20.9"}]
["Faz Adubação Verde, quando necessário","-",null,"-"]
["Utiliza Manejo Integrado de Pragas (MIP)","-",null,"-"]
["Utiliza Hidroponia","-",null,"-"]
["Utiliza Plasticultura",1,null,{"v":0.5235602094240838,"d":"0.5"}]
["Utiliza Mudas Fiscalizadas",99,null,{"v":51.83246073298429,"d":"51.8"}]
["Utiliza Semente Melhorada",46,null,{"v":24.083769633507856,"d":"24.1"}]
["Faz Confinamento de Bovinos",3,null,{"v":1.5706806282722514,"d":"1.6"}]
["Utiliza Pastejo Intensivo",3,null,{"v":1.5706806282722514,"d":"1.6"}]
["Faz Inseminação Artificial",1,null,{"v":0.5235602094240838,"d":"0.5"}]
["Faz Mineralização do Rebanho",80,null,{"v":41.8848167539267,"d":"41.9"}]
["Faz Vermifugação do Rebanho",81,null,{"v":42.40837696335078,"d":"42.4"}]
["Possui Parceiros /Arrendatários na Exploração Animal",28,null,{"v":14.659685863874346,"d":"14.7"}]
["Esporte e lazer","-",null,"-"]
["Extração mineral",1,null,{"v":0.5235602094240838,"d":"0.5"}]
["Hotel Fazenda, Pousada ou SPA","-",null,"-"]
["Pesque-pague",4,null,{"v":2.094240837696335,"d":"2.1"}]
["Restaurante ou Lanchonete",3,null,{"v":1.5706806282722514,"d":"1.6"}]
["Transformação artesanal","-",null,"-"]
["Turismo rural ou ecoturismo","-",null,"-"]
["Outras atividades econômicas rurais",2,null,{"v":1.0471204188481675,"d":"1.0"}]
["Agroindústria",1,null,{"v":0.5235602094240838,"d":"0.5"}]
["Proprietário sem instrução ou com instrução incompleta",11,null,{"v":5.759162303664922,"d":"5.8"}]
["Proprietário com antigo primário completo",71,null,{"v":37.17277486910994,"d":"37.2"}]
["Proprietário com 1° grau (ou antigo ginasial) completo",49,null,{"v":25.654450261780102,"d":"25.7"}]
["Proprietário com 2° grau (ou antigo colegial) completo",24,null,{"v":12.56544502617801,"d":"12.6"}]
["Proprietário com curso superior completo ",30,null,{"v":15.706806282722514,"d":"15.7"}]
["Pessoa Jurídica",6,null,{"v":3.141361256544503,"d":"3.1"}]
["Proprietário residente na própria UPA ",22,null,{"v":11.518324607329843,"d":"11.5"}]
["Fonte: Secretaria de Agricultura e Abastecimento, CDRS/IEA, Projeto LUPA."]
[]
["TABELA 467.5 - Área Cultivada, Município de Rafard, Estado de São Paulo, 2007/08."]
["CULTURA","N.DE UPAs","MÍNIMO","MÉDIO","MÁXIMO","TOTAL"]
["Cana-de-acucar",153,{"v":1,"d":"1.0"},{"v":54.13,"d":"54.1"},{"v":1352.7,"d":"1,352.7"},{"v":8281.8,"d":"8,281.8"}]
["Braquiaria",87,0.4,{"v":9.46,"d":"9.5"},{"v":72,"d":"72.0"},822.7]
["Eucalipto",22,0.3,11.4,66.5,250.7]
["Gramas",4,0.3,{"v":8,"d":"8.0"},25.3,{"v":32,"d":"32.0"}]
["Milho",9,0.2,{"v":3.12,"d":"3.1"},{"v":5,"d":"5.0"},28.1]
["Outras gramineas para pastagem",2,{"v":1,"d":"1.0"},{"v":9.85,"d":"9.9"},18.7,19.7]
["Capim-napier (ou capim-elefante)",3,{"v":2,"d":"2.0"},5.4,{"v":10,"d":"10.0"},16.2]
["Laranja",7,0.2,{"v":1.24,"d":"1.2"},{"v":2,"d":"2.0"},8.7]
["Uva fina",1,2.4,2.4,2.4,2.4]
["Sorgo-vassoura",1,{"v":2,"d":"2.0"},{"v":2,"d":"2.0"},{"v":2,"d":"2.0"},{"v":2,"d":"2.0"}]
["Manga",1,{"v":1,"d":"1.0"},{"v":1,"d":"1.0"},{"v":1,"d":"1.0"},{"v":1,"d":"1.0"}]
["Fonte: Secretaria de Agricultura e Abastecimento, CDRS/IEA, Projeto LUPA."]